000 00807nam a2200265Ia 4500
003 OSt
005 20220924125728.0
006 a|||||r|||| 00| 0
007 ta
008 220923b |||||||| |||| 00| 0 per d
020 _c360
024 _a331803
037 _b6, 16/06/2010, S.H.Qasemi
_cTextual
040 _aARTS
_cARTS
_bper
041 _2per
_aper
082 _aV45:51, 164M4.1
100 _aTafrishi Mujeed Au.
_9198780
245 0 _aMuqaddmat-e-mashrutait
260 _aTehran
_bChapkhana Mohammad Ali Iran
_c1984
650 _a IRAN - HISTORY
650 _aFREEDOM
_917797
700 _a Fida Jawad Jan Au.
_9198781
942 _hV45:51, 164M4.1
_cTEXL
_2CC
999 _c423225
_d423225